[Event "EU Univ rapid op (Women)"]
[Site "Budapest"]
[Date "2019.07.26"]
[Round "4"]
[White "Kubik, Anna Zsofia"]
[Black "Kovacs, Klara"]
[Result "0-1"]
[WhiteElo "1592"]
[BlackElo "2146"]
[PlyCount "76"]
[EventDate "2019.07.25"]
[EventType "team-swiss (rapid)"]
[EventRounds "7"]
[EventCountry "HUN"]
[SourceTitle "EXT 2020"]
[Source "ChessBase"]
[SourceDate "2019.10.17"]
[SourceVersion "1"]
[SourceVersionDate "2019.10.17"]
[SourceQuality "1"]
[WhiteTeam "Semmelweis Univ (W)"]
[BlackTeam "Physical Education Univ (W)"]
[WhiteTeamCountry "HUN"]
[BlackTeamCountry "HUN"]

1. d4 Nf6 2. e3 e6 3. Bd3 c5 4. c3 b6 5. Nf3 Bb7 6. 0-0 Be7 7. Re1 0-0 8. e4 d5 9. e5 Nfd7 10. Bf4 Nc6 11. Nbd2 Rc8 12. Rc1 cxd4 13. Nxd4 Re8 14. N2f3 Nf8 15. Qd2 Ng6 16. Bxg6 hxg6 17. Bg5 Na5 18. Bxe7 Rxe7 19. b3 Nc6 20. Nxc6 Bxc6 21. Nd4 Rec7 22. Rc2 Be8 23. Rec1 Qe7 24. b4 a5 25. a3 Rc4 26. g3 Qc7 27. f4 Ba4 28. Rb2 Rxc3 29. Rxc3 Qxc3 30. Qxc3 Rxc3 31. bxa5 bxa5 32. Rb8+ Kh7 33. Ra8 Rd3 34. Ne2 Bb5 35. Rxa5 Bc4 36. Kh1 d4 37. Rc5 Rd1+ 38. Kg2 Bxe2 0-1